Cieľom konkurzu je usporiadať majetok dlžníka

Prehľad o stave konkurzných káuz na Slovensku. Znaky úpadku dlžníka. Začiatok konkurzného konania a jeho účinky. Právomoci správcu konkurznej podstaty. Predbežný správca a osobitný správca. Speňažovanie majetku pod kontrolou súdu. Etapy konkurzného konania.

Na minha lista:
Detalhes bibliográficos
Autor principal: Vechter, Juraj
Formato: Capítulo de Livro
Idioma:eslovaco
Assuntos:
Tags: Adicionar Tag
Sem tags, seja o primeiro a adicionar uma tag!

MARC

LEADER 00000naa a2200000 4500
001 r035231
005 20230919123512.1
041 0 |a slo 
044 |a SK 
245 1 0 |a Cieľom konkurzu je usporiadať majetok dlžníka  |c Juraj Vechter 
520 |a Prehľad o stave konkurzných káuz na Slovensku. Znaky úpadku dlžníka. Začiatok konkurzného konania a jeho účinky. Právomoci správcu konkurznej podstaty. Predbežný správca a osobitný správca. Speňažovanie majetku pod kontrolou súdu. Etapy konkurzného konania. 
610 2 0 |a konkurzy 
610 2 0 |a bankrot 
610 2 0 |a majetok 
610 2 0 |a veritelia 
610 2 0 |a konanie konkurzné 
610 2 0 |a správcovia podstaty konkurznej 
610 2 0 |a konanie rozhodcovské 
610 2 0 |a pohľadávky 
610 2 0 |a Slovensko 
100 1 |a Vechter, Juraj